1e round de Lamanif (VS K5) au ROAR #004 - Statistiques

Statistiques générales
  • Ce quiz a été pris 13 fois
  • Le résultat moyen est 218 sur 377
Statistiques - réponses
Réponse % Correct
à
100%
À
100%
je
100%
Je
100%
ma
100%
ça
90%
cul
90%
J'ai
90%
j'ai
90%
la
90%
sur
90%
te
90%
ton
90%
au
80%
de
80%
De
80%
du
80%
es
80%
l'ai
80%
l'baratin
80%
le
80%
Le
80%
les
80%
lu
80%
m'appartient
80%
Nord
80%
80%
page
80%
pas
80%
que
80%
respecte
80%
signé
80%
tous
80%
tout
80%
tu
80%
Tu
80%
un
80%
une
80%
vingt
80%
avec
70%
Avec
70%
avocate
70%
berger
70%
comme
70%
Comme
70%
Dans
70%
dans
70%
droits
70%
et
70%
Et
70%
fin
70%
Ils
70%
ils
70%
j'me
70%
joue
70%
jours
70%
J'pourrais
70%
Lens
70%
l'étoile
70%
Mais
70%
mais
70%
Moi
70%
moi
70%
mon
70%
or
70%
plus
70%
Pour
70%
pour
70%
p'tit
70%
RC
70%
son
70%
sont
70%
tard
70%
t'es
70%
T'es
70%
tes
70%
truc
70%
y
70%
auront
60%
battu
60%
c'était
60%
cette
60%
chacun
60%
chanteront
60%
clichés
60%
consanguin
60%
contrairement
60%
corrompus
60%
coup
60%
des
60%
d'Zola
60%
fluorescent
60%
flux
60%
gens
60%
gorgonzola
60%
héros
60%
j'étais
60%
jusqu'à
60%
Lensois
60%
leur
60%
Leurs
60%
loi
60%
malin
60%
M'en
60%
mes
60%
n'en
60%
Parce
60%
pédophile
60%
penchais
60%
pioche
60%
porc
60%
Pourri
60%
propos
60%
putes
60%
qu'c'matin
60%
roman
60%
sang
60%
sous
60%
toi
60%
toits
60%
tombé
60%
vous
60%
y'a
60%
15
50%
Après
50%
bats
50%
bim
50%
car
50%
c'bastion
50%
c'est
50%
couilles
50%
croises
50%
devraient
50%
d'Hénin-Beaumont
50%
dit
50%
d'la
50%
en
50%
Étienne
50%
fiers
50%
filer
50%
fist
50%
honore
50%
honte
50%
joues
50%
juste
50%
j'vais
50%
laisser
50%
l'cul
50%
lutte
50%
mairie
50%
Mauvaise
50%
m'avoir
50%
mecs
50%
non
50%
noyer
50%
ouvrière
50%
Parano
50%
plutôt
50%
qu'on
50%
récents
50%
respecter
50%
t'apprendre
50%
T'as
50%
t'as
50%
t'en
50%
une
50%
vas
50%
aux
40%
chez
40%
Ch'tis
40%
d'beau
40%
Descendant
40%
d'l'intérieur
40%
double
40%
d'te
40%
d'tes
40%
fait
40%
fucker
40%
industrie
40%
j'balance
40%
Kart
40%
l'chantais
40%
local
40%
l'revendre
40%
Mario
40%
Marti
40%
mine
40%
monde
40%
peu
40%
plein
40%
révolte
40%
rien
40%
socialistes
40%
textes
40%
valeurs
40%
y'avait
40%
ancêtres
30%
came
30%
cartes
30%
chariots
30%
Christopher
30%
contre
30%
courses
30%
d'grisous
30%
D'l'estime
30%
d'mineur
30%
Donc
30%
d'tout
30%
Dunkerque
30%
employés
30%
est
30%
faire
30%
faisaient
30%
forcé
30%
haut
30%
J'n'ai
30%
J'ramène
30%
j'suis
30%
K5
30%
lois
30%
Nolan
30%
outils
30%
partisan
30%
passées
30%
passion
30%
prendre
30%
submerger
30%
t'ait
30%
villes
30%
années
20%
aurais
20%
bassin
20%
bataille
20%
coins
20%
d'fame
20%
d'ta
20%
époque
20%
être
20%
J'mène
20%
jouaient
20%
j'peux
20%
laisse-toi
20%
liste
20%
mérité
20%
mérite
20%
minier
20%
n'arrive
20%
nos
20%
on
20%
représentait
20%
trou
20%
bien
10%
c'tte
10%
galeries
10%
imprimé
10%
insulte
10%
mets
10%
mieux
10%
mif
10%
pourtant
10%
profond
10%
renvoyer
10%
couché
0%
qu'la
0%
qu'lui
0%
rester
0%
roche
0%
s'brise
0%
T'espérais
0%
Aucun quiz correspondant
Distribution des résultats
% des personnes avec chaque résultat
Percentile par nombre de réponses
Votre historique - résultats
Vous n’avez pas pris ce quiz